000
00321nam a2200145Ia 4500
008
150201s2004 xx 000 0 und d
082
_a
610
_b
V04Q
100
_a
QUADRAS,C A D
245
_a
VACCINES
250
_a
1ST
260
_b
WHO
_a
UBS
_c
2004
300
_a
1-398
650
_a
MEDICINE AND DIAGNOSIS
942
_2
ddc
_c
BK
999
_c
464
_d
464